000
nam a22 7a 4500
999
_c
232969
_d
232969
003
Nust
005
20170227115400.0
008
170227b xxu||||| |||| 00| 0 eng d
040
_c
DLC
082
_a
891.4393 SHA
245
_a
ماں جی
_c
شہاب،قدرت اللہ
260
_a
Lahore :
_c
2009
300
_c
25cm
942
_2
ddc
_c
BK